[Event "POL-chT 2nd League"]
[Site "Sypniewo"]
[Date "2021.09.04"]
[Round "1.16"]
[White "Skrzypczak, Michal"]
[Black "Bachorczyk, Marcin"]
[Result "1-0"]
[WhiteElo "1865"]
[BlackElo "2003"]
[PlyCount "48"]
[EventDate "2021.09.04"]
[EventType "team-swiss"]
[EventRounds "9"]
[EventCountry "POL"]
[SourceTitle "CBM 204 Extra"]
[Source "ChessBase"]
[SourceDate "2021.11.30"]
[SourceVersion "1"]
[SourceVersionDate "2021.11.30"]
[SourceQuality "1"]
[WhiteTeam "Srem LKS Piast"]
[BlackTeam "Chroscice Victoria"]
[WhiteTeamCountry "POL"]
[BlackTeamCountry "POL"]

1. d4 Nf6 2. Nf3 d6 3. Nc3 Nbd7 4. e4 e5 5. Bc4 Be7 6. 0-0 0-0 7. a4 c6 8. Ba2 h6 9. h3 exd4 10. Nxd4 Nc5 11. Re1 a5 12. Qf3 Be6 13. Nf5 Kh8 14. e5 dxe5 15. Rxe5 Ncd7 16. Rxe6 fxe6 17. Bxe6 Nc5 18. Ba2 Ng8 19. Qg4 Bg5 20. Be3 Qc8 21. Nxh6 Bxe3 22. Nf7+ Rxf7 23. Qh5+ Nh6 24. Bxf7 Bd4 1-0

[Event "Ustron op-B"]
[Site "Ustron"]
[Date "2021.08.15"]
[Round "4"]
[White "Bachorczyk, Marcin"]
[Black "Turski, Bartlomiej"]
[Result "0-1"]
[WhiteElo "2033"]
[BlackElo "1980"]
[PlyCount "59"]
[EventDate "2021.08.13"]
[EventType "swiss"]
[EventRounds "9"]
[EventCountry "POL"]
[SourceTitle "CBM 204 Extra"]
[Source "ChessBase"]
[SourceDate "2021.11.30"]
[SourceVersion "1"]
[SourceVersionDate "2021.11.30"]
[SourceQuality "1"]

1. e4 c5 2. g3 Nc6 3. Bg2 g6 4. d3 Bg7 5. f4 d6 6. Nf3 b5 7. a4 b4 8. Nbd2 Rb8 9. 0-0 Nf6 10. h3 0-0 11. Nc4 Ba6 12. Re1 Rc8 13. e5 dxe5 14. fxe5 Nd5 15. Qe2 Nc7 16. c3 Ne6 17. Bd2 Qd7 18. Rad1 Rfd8 19. Bc1 Qc7 20. Qe4 bxc3 21. bxc3 Bxc4 22. Qxc4 Nxe5 23. Nxe5 Bxe5 24. Bd5 Bxc3 25. Rxe6 Qxg3+ 26. Bg2 Bd4+ 27. Kh1 fxe6 28. Qxe6+ Kh8 29. Rf1 Be5 30. Bf4 0-1

[Event "POL-chT 2nd League"]
[Site "Poronin"]
[Date "2020.09.13"]
[Round "9.18"]
[White "Lapczynski, Artur"]
[Black "Bachorczyk, Marcin"]
[Result "1-0"]
[WhiteElo "2059"]
[BlackElo "2074"]
[PlyCount "91"]
[EventDate "2020.09.05"]
[EventType "team-swiss"]
[EventRounds "9"]
[EventCountry "POL"]
[SourceTitle "CBM 198 Extra"]
[Source "ChessBase"]
[SourceDate "2020.11.30"]
[SourceVersion "1"]
[SourceVersionDate "2020.11.30"]
[SourceQuality "1"]
[WhiteTeam "Staniatki Goniec"]
[BlackTeam "Chroscice Victoria"]
[WhiteTeamCountry "POL"]
[BlackTeamCountry "POL"]

1. d4 Nf6 2. c4 d6 3. Nc3 Nbd7 4. e4 e5 5. d5 g6 6. Be3 Bg7 7. f3 a5 8. Bd3 Nc5 9. Bc2 Nh5 10. Nge2 f5 11. exf5 gxf5 12. g3 0-0 13. Qd2 Nf6 14. 0-0-0 Qe8 15. Nb5 Qf7 16. h3 e4 17. f4 b6 18. b3 Re8 19. Rdg1 Re7 20. Ned4 h5 21. a3 Re8 22. Kd1 Kf8 23. Ke2 Nd3 24. Bxd3 exd3+ 25. Qxd3 Ne4 26. Kf3 Qg6 27. Nxc7 Nc5 28. Qd2 Bd7 29. Nxa8 Rxa8 30. Nc6 Nxb3 31. Qd3 Nc5 32. Bxc5 bxc5 33. Rb1 h4 34. gxh4 Qh5+ 35. Kg3 Bf6 36. Qf3 Qxh4+ 37. Kh2 Be8 38. Qg3 Qh7 39. Rhg1 Bh4 40. Qe3 a4 41. Qe6 Bd7 42. Qxd6+ Ke8 43. Rb8+ Rxb8 44. Qxb8+ Kf7 45. Ne5+ Ke7 46. Qc7 1-0

[Event "POL-chT 2nd League"]
[Site "Poronin"]
[Date "2020.09.10"]
[Round "6.14"]
[White "Kowalec, Maciej"]
[Black "Bachorczyk, Marcin"]
[Result "1-0"]
[WhiteElo "2092"]
[BlackElo "2074"]
[PlyCount "61"]
[EventDate "2020.09.05"]
[EventType "team-swiss"]
[EventRounds "9"]
[EventCountry "POL"]
[SourceTitle "CBM 198 Extra"]
[Source "ChessBase"]
[SourceDate "2020.11.30"]
[SourceVersion "1"]
[SourceVersionDate "2020.11.30"]
[SourceQuality "1"]
[WhiteTeam "Minsk Mazowiecki MTSz"]
[BlackTeam "Chroscice Victoria"]
[WhiteTeamCountry "POL"]
[BlackTeamCountry "POL"]

1. d4 d6 2. Nf3 Nd7 3. e4 e5 4. Bc4 h6 5. Nc3 Ngf6 6. 0-0 c6 7. a4 Be7 8. Ba2 g5 9. dxe5 dxe5 10. Qe2 Qa5 11. Bd2 Nf8 12. Nb5 Qd8 13. Nxe5 Ne6 14. Nc3 0-0 15. Be3 Bb4 16. Rad1 Qe7 17. f3 Nf4 18. Bxf4 gxf4 19. Ng6 Qc5+ 20. Kh1 Re8 21. Qc4 Qxc4 22. Bxc4 Bxc3 23. bxc3 Nh5 24. Rd6 Kg7 25. Nh4 a6 26. Rfd1 Re5 27. Rd8 b5 28. axb5 axb5 29. Bb3 Nf6 30. Nf5+ Kg6 31. Nd6 1-0

[Event "POL-chT 2nd League"]
[Site "Jastrzebia Gora"]
[Date "2019.09.12"]
[Round "6.9"]
[White "Bachorczyk, Marcin"]
[Black "Wisniewski, Michal"]
[Result "1-0"]
[WhiteElo "2069"]
[BlackElo "2130"]
[PlyCount "91"]
[EventDate "2019.09.07"]
[EventType "team-swiss"]
[EventRounds "9"]
[EventCountry "POL"]
[SourceTitle "EXT 2020"]
[Source "ChessBase"]
[SourceDate "2019.10.17"]
[SourceVersion "1"]
[SourceVersionDate "2019.10.17"]
[SourceQuality "1"]
[WhiteTeam "Gliwice Roszada"]
[BlackTeam "Strzelce Opolskie Strzelec"]
[WhiteTeamCountry "POL"]
[BlackTeamCountry "POL"]

1. e4 Nf6 2. d3 e5 3. Nf3 Nc6 4. Nbd2 d5 5. Be2 Bc5 6. 0-0 0-0 7. c3 a5 8. h3 Re8 9. a4 Ba7 10. Re1 h6 11. Bf1 Qd6 12. exd5 Nxd5 13. Nc4 Qf6 14. d4 e4 15. Nfd2 Bf5 16. Ne3 Nxe3 17. Rxe3 Nd8 18. Nc4 Ne6 19. Qb3 b6 20. Rg3 Bb8 21. Qb5 c6 22. Qxc6 Bxg3 23. fxg3 Rab8 24. Be3 Rec8 25. Qb5 Nc7 26. Qe5 Qxe5 27. dxe5 Nd5 28. Bd4 Rd8 29. Nd6 Bg6 30. Bc4 Ne7 31. Rf1 Rf8 32. Bb5 Rfd8 33. Bc4 Rf8 34. Bb5 Rfd8 35. g4 h5 36. gxh5 Bxh5 37. g4 Bg6 38. Bc4 Rf8 39. h4 Nc8 40. h5 Nxd6 41. exd6 Bh7 42. g5 Kh8 43. h6 f6 44. gxf6 gxf6 45. Rxf6 Rxf6 46. Bxf6# 1-0

[Event "POL-chT 2nd League"]
[Site "Jastrzebia Gora"]
[Date "2015.09.06"]
[Round "2.100"]
[White "Bachorczyk, Marcin"]
[Black "Wozniak, Maciej"]
[Result "0-1"]
[WhiteElo "2076"]
[BlackElo "2087"]
[PlyCount "118"]
[EventDate "2015.09.05"]
[EventType "team-swiss"]
[EventRounds "9"]
[EventCountry "POL"]
[SourceTitle "EXT 2017"]
[Source "ChessBase"]
[SourceDate "2016.10.25"]
[SourceVersion "1"]
[SourceVersionDate "2016.10.25"]
[SourceQuality "1"]
[WhiteTeam "Mikolow AKS"]
[BlackTeam "Stara Wies Parnas"]
[WhiteTeamCountry "POL"]
[BlackTeamCountry "POL"]

1. e4 c5 2. g3 d5 3. exd5 Qxd5 4. Nf3 Bg4 5. Bg2 Qe6+ 6. Kf1 Nc6 7. h3 Bh5 8. d3 Qd7 9. Be3 e6 10. Nbd2 Rd8 11. g4 Bg6 12. Nh4 Nf6 13. Nxg6 hxg6 14. a3 Nd5 15. Ne4 Nxe3+ 16. fxe3 Ne5 17. b4 cxb4 18. axb4 Bxb4 19. Rxa7 0-0 20. Rxb7 Qa4 21. Qb1 Rb8 22. Nc5 Qa3 23. Ke2 Rxb7 24. Nxb7 Qc3 25. Rd1 Rc8 26. Qb3 Qxc2+ 27. Qxc2 Rxc2+ 28. Kf1 Bd2 29. Nd6 Bxe3 30. Bb7 Rf2+ 31. Ke1 Rh2 32. Nc4 Nxc4 33. dxc4 Rxh3 34. Rd8+ Kh7 35. Ke2 Bg5 36. Rd7 Rc3 37. Rxf7 Rxc4 38. Kf3 Bf6 39. Rf8 Kh6 40. Bc8 e5 41. Re8 Kg5 42. Bd7 Rf4+ 43. Ke3 Rb4 44. Kf3 Rd4 45. Bc8 Rd3+ 46. Ke4 Rg3 47. Rh8 Rc3 48. Bd7 Rc4+ 49. Ke3 Be7 50. Re8 Bc5+ 51. Kf3 Rc3+ 52. Ke4 Re3+ 53. Kd5 Rd3+ 54. Kc6 Kf4 55. Re6 g5 56. Rg6 Bf8 57. Bf5 Rd4 58. Re6 e4 59. Re8 Bb4 0-1

[Event "POL-chT 2nd League"]
[Site "Miedzyzdroje"]
[Date "2009.09.16"]
[Round "5"]
[White "Bachorczyk, Marcin"]
[Black "Szymanowska, Lena"]
[Result "0-1"]
[WhiteElo "2103"]
[BlackElo "1944"]
[PlyCount "80"]
[EventDate "2009.09.12"]
[EventType "team-swiss"]
[EventRounds "9"]
[EventCountry "POL"]
[SourceTitle "EXT 2019"]
[Source "ChessBase"]
[SourceDate "2018.10.10"]
[SourceVersion "1"]
[SourceVersionDate "2018.10.10"]
[SourceQuality "1"]
[WhiteTeam "Gliwice Roszada Sikornik"]
[BlackTeam "Olsztyn AZS UWM"]
[WhiteTeamCountry "POL"]
[BlackTeamCountry "POL"]

1. e4 e6 2. d3 d5 3. Nd2 c5 4. Ngf3 Nc6 5. g3 Nf6 6. Bg2 Qc7 7. 0-0 Be7 8. c3 b6 9. Re1 Ba6 10. exd5 Nxd5 11. Nc4 Rd8 12. Qe2 0-0 13. Ng5 Qd7 14. Qe4 g6 15. Bh3 Nf6 16. Qh4 Nh5 17. Qe4 Qxd3 18. Qxc6 Bxc4 19. Bf1 Qd5 20. Qxd5 Bxd5 21. c4 Bb7 22. Be2 Ng7 23. Bf4 Bf6 24. Rab1 h6 25. Nf3 g5 26. Be5 Bxe5 27. Nxe5 Rd2 28. Rbd1 Rfd8 29. g4 Ne8 30. f3 Rxd1 31. Rxd1 Rxd1+ 32. Bxd1 f6 33. Nd3 Kf7 34. Kf2 f5 35. Ke3 Kf6 36. b3 Nd6 37. Nf2 Nf7 38. Bc2 Ne5 39. Bd1 f4+ 40. Kd2 Nxf3+ 0-1

[Event "POL-chT3 Liga Slaska"]
[Site "Poland"]
[Date "2007.02.11"]
[Round "3"]
[White "Kryjak, Andrzej"]
[Black "Bachorczyk, Marcin"]
[Result "1-0"]
[WhiteElo "2120"]
[BlackElo "2077"]
[PlyCount "75"]
[EventDate "2007.01.28"]
[EventType "team-swiss"]
[EventRounds "9"]
[EventCountry "POL"]
[SourceTitle "EXT 2011"]
[Source "ChessBase"]
[SourceDate "2010.11.26"]
[SourceVersion "1"]
[SourceVersionDate "2010.11.26"]
[SourceQuality "1"]
[WhiteTeam "Szopienice HetMaN"]
[BlackTeam "Gliwice Roszada Fluor"]
[WhiteTeamCountry "POL"]
[BlackTeamCountry "POL"]

1. e4 c5 2. Nf3 d6 3. Bb5+ Bd7 4. a4 Nc6 5. 0-0 Nf6 6. Re1 a6 7. Bf1 Bg4 8. h3 Bh5 9. d3 e6 10. Bf4 Be7 11. Nbd2 0-0 12. Qb1 Rc8 13. c3 Ne8 14. Bh2 Bf6 15. Ra3 Nc7 16. b4 cxb4 17. cxb4 Bxf3 18. Nxf3 Nd4 19. Nd2 b5 20. Rc1 e5 21. axb5 axb5 22. Rac3 Qd7 23. Nb3 Nce6 24. Nxd4 Nxd4 25. f4 Rxc3 26. Rxc3 exf4 27. Qc1 Ne6 28. Rc2 Be5 29. Kh1 g6 30. Be2 Ra8 31. Qd2 Nd4 32. Bg4 f5 33. Ra2 Qb7 34. exf5 gxf5 35. Bh5 Rxa2 36. Qxa2+ Kf8 37. Bg1 Qc6 38. Qf7# 1-0

[Event "POL-chT 2nd League"]
[Site "Wysowa"]
[Date "2003.09.08"]
[Round "4"]
[White "Bachorczyk, Marcin"]
[Black "Trusewicz, Janusz"]
[Result "1/2-1/2"]
[WhiteElo "2084"]
[BlackElo "2052"]
[PlyCount "105"]
[EventDate "2003.09.06"]
[EventType "team-swiss"]
[EventRounds "11"]
[EventCountry "POL"]
[SourceTitle "CBM 096 Extra"]
[Source "ChessBase"]
[SourceDate "2003.10.22"]
[SourceVersion "2"]
[SourceVersionDate "2003.10.20"]
[SourceQuality "1"]
[WhiteTeam "Gliwice Roszada"]
[BlackTeam "Wschowa Hetman"]
[WhiteTeamCountry "POL"]
[BlackTeamCountry "POL"]

1. d4 Nf6 2. c4 g6 3. Nc3 d5 4. cxd5 Nxd5 5. Bd2 Bg7 6. e4 Nxc3 7. Bxc3 0-0 8. Rc1 c6 9. Nf3 Bg4 10. Be2 Nd7 11. 0-0 Qb6 12. a4 a5 13. Nd2 Bxe2 14. Qxe2 e5 15. dxe5 Nxe5 16. Kh1 Rfd8 17. Bxe5 Bxe5 18. Nc4 Qa6 19. f4 Bg7 20. e5 b5 21. Nd6 Bf8 22. Ne4 Bg7 23. f5 bxa4 24. Qf3 Qd3 25. Qxd3 Rxd3 26. f6 Bf8 27. Rxc6 Rd5 28. e6 fxe6 29. Rxe6 Ra7 30. h4 h6 31. Rf4 Rb7 32. f7+ Kg7 33. Rff6 Rf5 34. Rxg6+ Kxf7 35. Rgf6+ Rxf6 36. Rxf6+ Kg7 37. Rf2 Rb4 38. Re2 Kg6 39. g4 h5 40. gxh5+ Kxh5 41. Nf6+ Kg6 42. Ne4 Bg7 43. h5+ Kxh5 44. Nc5 Rxb2 45. Rxb2 Bxb2 46. Nxa4 Bf6 47. Kg2 Kg4 48. Kf1 Kf3 49. Ke1 Ke3 50. Kd1 Kd3 51. Kc1 Kc4 52. Nb2+ Kb3 53. Kb1 1/2-1/2

[Event "Polanica Zdroj op"]
[Site "Polanica Zdroj"]
[Date "2001.08.17"]
[Round "2"]
[White "Bachorczyk, Marcin"]
[Black "Toma, Katarzyna"]
[Result "1/2-1/2"]
[WhiteElo "2044"]
[BlackElo "2174"]
[PlyCount "37"]
[EventDate "2001.08.16"]
[EventType "swiss"]
[EventRounds "10"]
[EventCountry "POL"]
[SourceTitle "EXT 2002"]
[Source "ChessBase"]
[SourceDate "2001.11.25"]
[SourceVersion "1"]
[SourceVersionDate "2001.11.25"]
[SourceQuality "1"]

1. d4 Nf6 2. c4 g6 3. Nc3 d5 4. cxd5 Nxd5 5. Bd2 Bg7 6. e4 Nb6 7. Be3 0-0 8. Be2 e5 9. dxe5 Bxe5 10. Nf3 Bg7 11. 0-0 Be6 12. Qc2 Nc6 13. a3 Na5 14. b4 Nac4 15. Bc5 Re8 16. Rfd1 Qf6 17. Bd4 Qe7 18. Bc5 Qf6 19. Bd4 1/2-1/2